[Event "CUB-ch U18"]
[Site "Pinar del Rio"]
[Date "2019.07.02"]
[Round "7"]
[White "Diaz Garcia, Mario Daniel"]
[Black "Saiz Rodriguez, Daniel Evelio"]
[Result "1-0"]
[WhiteElo "2332"]
[BlackElo "2212"]
[PlyCount "57"]
[EventDate "2019.06.28"]
[EventType "swiss"]
[EventRounds "9"]
[EventCountry "CUB"]
[SourceTitle "CBM 195 Extra"]
[Source "ChessBase"]
[SourceDate "2020.05.31"]
[SourceVersion "1"]
[SourceVersionDate "2020.05.31"]
[SourceQuality "1"]

1. e4 c5 2. Nf3 d6 3. d4 cxd4 4. Nxd4 Nf6 5. f3 a6 6. c4 g6 7. Nc3 Bg7 8. Be3 0-0 9. Be2 Nc6 10. Nc2 Be6 11. 0-0 Qa5 12. Rb1 Rfc8 13. b4 Qd8 14. Nd5 Bxd5 15. cxd5 Ne5 16. Bd4 b5 17. Ne3 Ned7 18. Qd3 Nb6 19. f4 Nfd7 20. Ng4 Qc7 21. Bxg7 Kxg7 22. Qh3 Qc3 23. Qh6+ Kg8 24. f5 Qd4+ 25. Kh1 Nf6 26. fxg6 hxg6 27. Rxf6 exf6 28. e5 Nxd5 29. Rd1 1-0

[Event "CUB-ch U18"]
[Site "Pinar del Rio"]
[Date "2019.06.28"]
[Round "1"]
[White "Ramos Silvera, Roberto Alejandro"]
[Black "Diaz Garcia, Mario Daniel"]
[Result "1-0"]
[WhiteElo "2169"]
[BlackElo "2332"]
[PlyCount "83"]
[EventDate "2019.06.28"]
[EventType "swiss"]
[EventRounds "9"]
[EventCountry "CUB"]
[SourceTitle "CBM 195 Extra"]
[Source "ChessBase"]
[SourceDate "2020.05.31"]
[SourceVersion "1"]
[SourceVersionDate "2020.05.31"]
[SourceQuality "1"]

1. e4 c5 2. Nc3 d6 3. d4 cxd4 4. Qxd4 a6 5. b3 Nc6 6. Qd2 Nf6 7. Bb2 e6 8. 0-0-0 b5 9. f3 Be7 10. Kb1 Bb7 11. g4 h6 12. Nge2 Qc7 13. Nf4 Ne5 14. Be2 Rc8 15. a3 Bc6 16. h4 Nfd7 17. Nh5 g6 18. Ng3 Nc5 19. f4 Ned7 20. Nxb5 axb5 21. Bxh8 Nxe4 22. Nxe4 Bxe4 23. Bd3 Bxh1 24. Rxh1 Qc5 25. Bb2 Bf6 26. h5 Ra8 27. Qb4 Bxb2 28. Qxc5 Nxc5 29. Bxb5+ Ke7 30. Kxb2 gxh5 31. Rxh5 Rg8 32. Be2 Rg6 33. b4 Ne4 34. Bd3 d5 35. Bxe4 dxe4 36. g5 hxg5 37. fxg5 e5 38. b5 Kd6 39. Rh6 Kc5 40. Rxg6 fxg6 41. Kc3 Kxb5 42. Kd2 1-0

[Event "Villa Roja de Artemisa tt"]
[Site "Artemisa"]
[Date "2018.06.24"]
[Round "9.1"]
[White "Diaz Garcia, Mario Daniel"]
[Black "Santander Valle, David A"]
[Result "1/2-1/2"]
[WhiteElo "2063"]
[BlackElo "2001"]
[PlyCount "37"]
[EventDate "2018.06.20"]
[EventType "team-tourn"]
[EventRounds "9"]
[EventCountry "CUB"]
[SourceTitle "EXT 2021"]
[Source "ChessBase"]
[SourceDate "2020.10.23"]
[SourceVersion "1"]
[SourceVersionDate "2020.10.23"]
[SourceQuality "1"]

1. e4 c5 2. Nf3 d6 3. d4 cxd4 4. Nxd4 Nf6 5. Nc3 a6 6. Be3 e5 7. Nb3 Be6 8. f3 Nbd7 9. Qd2 b5 10. a4 b4 11. Nd5 Bxd5 12. exd5 Nb6 13. Bxb6 Qxb6 14. a5 Qb7 15. Ra4 Rb8 16. Qe2 Ra8 17. Qd2 Rb8 18. Qe2 Ra8 19. Qd2 1/2-1/2

[Event "Villa Roja de Artemisa tt"]
[Site "Artemisa"]
[Date "2018.06.23"]
[Round "8.2"]
[White "Perez Grinan, Pedro Ernesto"]
[Black "Diaz Garcia, Mario Daniel"]
[Result "0-1"]
[WhiteElo "2071"]
[BlackElo "2063"]
[PlyCount "104"]
[EventDate "2018.06.20"]
[EventType "team-tourn"]
[EventRounds "9"]
[EventCountry "CUB"]
[SourceTitle "EXT 2021"]
[Source "ChessBase"]
[SourceDate "2020.10.23"]
[SourceVersion "1"]
[SourceVersionDate "2020.10.23"]
[SourceQuality "1"]

1. d4 Nf6 2. Bf4 e6 3. e3 b6 4. Nf3 Bb7 5. Be2 Be7 6. h3 d6 7. c3 Nbd7 8. 0-0 h6 9. Bh2 g5 10. Nfd2 h5 11. e4 Nxe4 12. Bxh5 Ndf6 13. Bf3 Qd7 14. Re1 d5 15. Be5 0-0-0 16. a4 Rdg8 17. Bxe4 dxe4 18. Bxf6 Bxf6 19. Nxe4 Be7 20. a5 f5 21. axb6 axb6 22. Ng3 g4 23. hxg4 Rxg4 24. Qe2 Rg6 25. Ra7 Qd5 26. Rxb7 Kxb7 27. c4 Qxd4 28. Qf3+ c6 29. Nc3 Bc5 30. Rd1 Qg7 31. Na4 Bd4 32. Kf1 Rxg3 33. Qxg3 Qxg3 34. fxg3 Rh1+ 35. Ke2 Rxd1 36. Kxd1 b5 37. Nc3 Bxc3 38. bxc3 Kb6 39. Ke2 Kc5 40. Kd3 e5 41. cxb5 cxb5 42. g4 fxg4 43. g3 Kd5 44. Ke3 Kc4 45. Kd2 e4 46. Ke3 Kxc3 47. Kxe4 b4 48. Kf4 b3 49. Kxg4 b2 50. Kh5 b1Q 51. g4 Qh7+ 52. Kg5 Kd4 0-1

[Event "Villa Roja de Artemisa tt"]
[Site "Artemisa"]
[Date "2018.06.22"]
[Round "6.1"]
[White "Santander Valle, David A"]
[Black "Diaz Garcia, Mario Daniel"]
[Result "0-1"]
[WhiteElo "2001"]
[BlackElo "2063"]
[PlyCount "108"]
[EventDate "2018.06.20"]
[EventType "team-tourn"]
[EventRounds "9"]
[EventCountry "CUB"]
[SourceTitle "EXT 2021"]
[Source "ChessBase"]
[SourceDate "2020.10.23"]
[SourceVersion "1"]
[SourceVersionDate "2020.10.23"]
[SourceQuality "1"]

1. e4 c5 2. Nf3 d6 3. d4 cxd4 4. Nxd4 Nf6 5. Nc3 a6 6. f3 e5 7. Nb3 Be6 8. Be3 h5 9. Qd2 Nbd7 10. 0-0-0 Rc8 11. Kb1 Be7 12. Qf2 0-0 13. Nd5 Nxd5 14. exd5 Bf5 15. Bd3 Bxd3 16. Rxd3 Bg5 17. Bxg5 Qxg5 18. h4 Qg6 19. Rh3 Rc4 20. Rg3 Qh7 21. Na5 Rc7 22. Rd2 Rfc8 23. Nb3 Nb6 24. Qe2 a5 25. Nxa5 Nxd5 26. Qe4 Ne3 27. Qxh7+ Kxh7 28. Rh3 Rxc2 29. Rxc2 Rxc2 30. Nxb7 Rxg2 31. a4 Nc4 32. Ka1 Nxb2 33. a5 Na4 34. f4 exf4 35. Ra3 Nc5 36. Nxc5 dxc5 37. a6 Rg3 38. Ra4 f3 39. Rf4 Rg4 40. Rxf3 Ra4+ 41. Kb2 Rxa6 42. Rxf7 Ra4 43. Rf5 g6 44. Rxc5 Rxh4 45. Kc3 Re4 46. Kd3 Re8 47. Rc7+ Kh6 48. Rc5 h4 49. Kd2 g5 50. Rc6+ Kh5 51. Rc7 Re6 52. Kd1 g4 53. Rh7+ Kg5 54. Rg7+ Kf4 0-1

[Event "CUB-ch U18"]
[Site "San Nicolas de Bari"]
[Date "2018.06.13"]
[Round "1"]
[White "Perez Leiva, Jerzy Jesus"]
[Black "Diaz Garcia, Mario Daniel"]
[Result "1-0"]
[WhiteElo "2295"]
[BlackElo "2063"]
[PlyCount "71"]
[EventDate "2018.06.13"]
[EventType "swiss"]
[EventRounds "9"]
[EventCountry "CUB"]
[SourceTitle "EXT 2021"]
[Source "ChessBase"]
[SourceDate "2020.10.23"]
[SourceVersion "1"]
[SourceVersionDate "2020.10.23"]
[SourceQuality "1"]

1. e4 c5 2. Nf3 d6 3. d4 cxd4 4. Qxd4 Nc6 5. Bb5 Bd7 6. Bxc6 bxc6 7. c4 e5 8. Qd3 Qc7 9. Nc3 Nf6 10. Bg5 Be7 11. 0-0-0 Be6 12. Bxf6 gxf6 13. Nh4 0-0-0 14. Kb1 Rhg8 15. Rc1 Qb6 16. Nd5 cxd5 17. cxd5+ Kd7 18. Rc6 Qb7 19. Rhc1 Rc8 20. Qa3 Ke8 21. Qa4 Rxc6 22. dxe6 fxe6 23. Rxc6 Kf7 24. Qc2 Qb4 25. a3 Qe1+ 26. Ka2 Rg4 27. Nf5 exf5 28. Qb3+ Kg6 29. Rc7 Qxf2 30. Rxe7 Kh6 31. Qf7 Rg6 32. g3 Kh5 33. Qxh7+ Rh6 34. Qf7+ Kg5 35. Qg8+ Kh5 36. Rg7 1-0

[Event "CUB School-chT"]
[Site "Santa Clara"]
[Date "2017.07.17"]
[Round "9.3"]
[White "Alvarez Calzadilla, Jose Avelino"]
[Black "Diaz Garcia, Mario Daniel"]
[Result "1-0"]
[WhiteElo "2153"]
[BlackElo "2172"]
[PlyCount "103"]
[EventDate "2017.07.13"]
[EventType "team-swiss"]
[EventRounds "9"]
[EventCountry "CUB"]
[SourceTitle "EXT 2023"]
[Source "ChessBase"]
[SourceDate "2022.10.05"]
[SourceVersion "1"]
[SourceVersionDate "2022.10.05"]
[SourceQuality "1"]

1. d4 d5 2. c4 c6 3. cxd5 cxd5 4. Nc3 Nf6 5. Nf3 e6 6. Bg5 Be7 7. e3 0-0 8. Bd3 b6 9. 0-0 Bb7 10. Rc1 a6 11. Ne5 b5 12. Bb1 Nbd7 13. Qd3 g6 14. Nxd7 Qxd7 15. a3 Kg7 16. Qe2 Rac8 17. f3 Bc6 18. Bd3 Rb8 19. Rc2 Rfc8 20. Rfc1 Rb7 21. Nb1 a5 22. Nd2 a4 23. Nb1 Rb6 24. Nc3 Rcb8 25. Na2 Bb7 26. Rc7 Qe8 27. Bxb5 Qd8 28. Bxf6+ Bxf6 29. Rd7 Qf8 30. Rcc7 Bc8 31. Rxf7+ Qxf7 32. Rxf7+ Kxf7 33. Nc3 Kg7 34. Qc2 e5 35. Qxa4 exd4 36. exd4 Bg5 37. Qb4 Be3+ 38. Kf1 Bd2 39. Qe7+ Kh6 40. Qh4+ Kg7 41. Qe7+ Kh6 42. Qf8+ Kg5 43. f4+ Bxf4 44. Nxd5 Bf5 45. Qe7+ Kh6 46. Nxb6 Rxb6 47. Qh4+ Kg7 48. Qe7+ Kh6 49. Qh4+ Kg7 50. Qxf4 Rxb5 51. Qc7+ Kh6 52. b4 1-0

[Event "CUB School-chT"]
[Site "Santa Clara"]
[Date "2017.07.15"]
[Round "6.1"]
[White "Perez Leiva, Jerzy Jesus"]
[Black "Diaz Garcia, Mario Daniel"]
[Result "1/2-1/2"]
[WhiteElo "2239"]
[BlackElo "2172"]
[PlyCount "119"]
[EventDate "2017.07.13"]
[EventType "team-swiss"]
[EventRounds "9"]
[EventCountry "CUB"]
[SourceTitle "EXT 2023"]
[Source "ChessBase"]
[SourceDate "2022.10.05"]
[SourceVersion "1"]
[SourceVersionDate "2022.10.05"]
[SourceQuality "1"]

1. e4 c5 2. Nf3 d6 3. d4 cxd4 4. Nxd4 Nf6 5. Nc3 a6 6. h3 e6 7. g4 h6 8. Bg2 g5 9. Be3 Nbd7 10. Qe2 Qc7 11. 0-0-0 Ne5 12. h4 Rg8 13. hxg5 hxg5 14. f3 Bd7 15. Kb1 b5 16. Rdf1 b4 17. Nd1 Be7 18. Bxg5 Rxg5 19. f4 Rg8 20. g5 Nfg4 21. Bh3 Qc4 22. Bxg4 Qxd4 23. fxe5 Qxe5 24. Qf2 Rf8 25. Bh5 0-0-0 26. Qa7 Qb5 27. a3 a5 28. axb4 axb4 29. Rxf7 Rxf7 30. Bxf7 Bxg5 31. Rh7 b3 32. cxb3 Qd3+ 33. Ka2 Qxe4 34. Rh3 Bf6 35. Bh5 Qb7 36. Qa3 Kc7 37. Bf3 d5 38. Qc5+ Qc6 39. Qa7+ Kd6 40. Qa3+ Qc5 41. Ne3 Bc6 42. b4 Qb5 43. Be2 Qa4 44. b5+ Qxa3+ 45. bxa3 Bd7 46. Ng4 Bg7 47. Rh7 Bc3 48. Kb3 d4 49. Nf6 Ba5 50. Ne4+ Ke5 51. Nc5 Bc8 52. Bc4 Bb6 53. Nd3+ Kf5 54. Rh5+ Kf6 55. a4 Rg8 56. Nc5 Kg6 57. Re5 Kf6 58. Rh5 Kg6 59. Re5 Kf6 60. Rh5 1/2-1/2

[Event "CUB School-chT"]
[Site "Santa Clara"]
[Date "2017.07.15"]
[Round "5.4"]
[White "Tanda Pretel, Rafael Antonio"]
[Black "Diaz Garcia, Mario Daniel"]
[Result "0-1"]
[WhiteElo "1664"]
[BlackElo "2172"]
[PlyCount "48"]
[EventDate "2017.07.13"]
[EventType "team-swiss"]
[EventRounds "9"]
[EventCountry "CUB"]
[SourceTitle "EXT 2023"]
[Source "ChessBase"]
[SourceDate "2022.10.05"]
[SourceVersion "1"]
[SourceVersionDate "2022.10.05"]
[SourceQuality "1"]

1. e4 c5 2. Nf3 d6 3. d3 Nc6 4. g3 g6 5. Bg2 Bg7 6. 0-0 e5 7. c3 Nge7 8. Re1 0-0 9. h3 b5 10. Nh2 Be6 11. Ng4 f5 12. exf5 gxf5 13. Nh2 d5 14. Nf3 h6 15. Nxe5 Nxe5 16. f4 Nxd3 17. Qxd3 Bf7 18. Qxb5 Rc8 19. Be3 d4 20. Bf2 Nd5 21. cxd4 cxd4 22. Na3 Rb8 23. Qd3 Rxb2 24. Bxd4 Nb4 0-1

[Event "CUB-ch U18"]
[Site "Camaguey"]
[Date "2017.06.24"]
[Round "6.7"]
[White "Rodriguez Gutierrez, Brayans"]
[Black "Diaz Garcia, Mario Daniel"]
[Result "1-0"]
[WhiteElo "2139"]
[BlackElo "2204"]
[PlyCount "159"]
[EventDate "2017.06.21"]
[EventType "swiss"]
[EventRounds "9"]
[EventCountry "CUB"]
[SourceTitle "EXT 2023"]
[Source "ChessBase"]
[SourceDate "2022.10.05"]
[SourceVersion "1"]
[SourceVersionDate "2022.10.05"]
[SourceQuality "1"]

1. d4 d5 2. c4 c6 3. cxd5 cxd5 4. Nc3 Nf6 5. Nf3 e6 6. Bg5 Be7 7. e3 0-0 8. Bd3 a6 9. 0-0 Nc6 10. Rc1 Bd7 11. Bb1 h6 12. Bh4 b5 13. Re1 b4 14. Na4 Na5 15. Nc5 Nc4 16. b3 Na3 17. Bd3 Bb5 18. Ne5 Qd6 19. Qd2 a5 20. Qe2 Bxd3 21. Qxd3 Rfc8 22. f3 Rab8 23. Bg3 Qd8 24. Na4 Qe8 25. Nc6 Ra8 26. Nxe7+ Qxe7 27. Nb6 Rxc1 28. Rxc1 Rd8 29. Qa6 Nh5 30. Bc7 Re8 31. Qxa5 Nb1 32. Na4 Nd2 33. Qa6 e5 34. Bxe5 f6 35. Qe2 Nxb3 36. axb3 fxe5 37. Qb5 Nf6 38. Qc5 Qb7 39. dxe5 Rxe5 40. Qc8+ Qxc8 41. Rxc8+ Kf7 42. Kf2 Nd7 43. Rc7 Re7 44. Nb2 Nb8 45. Rc5 Ra7 46. Nd3 Ra2+ 47. Kg3 Na6 48. Rxd5 Ra3 49. Rd6 Ke7 50. Rb6 Rxb3 51. Nf4 Nc7 52. e4 Rb1 53. Ng6+ Kd8 54. Ne5 b3 55. Nc6+ Kd7 56. Na5 b2 57. Nc4 Ne6 58. Rxb2 Rc1 59. Ne3 Ke7 60. Rb7+ Kf6 61. Ng4+ Kg6 62. Rb6 Kf7 63. Ne5+ Ke7 64. Nd3 Rc3 65. Nf4 Nc7 66. Nd5+ Nxd5 67. exd5 Rd3 68. Rb7+ Kf6 69. Rd7 g6 70. Rd6+ Kf5 71. Kh4 g5+ 72. Kh5 Rd2 73. g4+ Ke5 74. Rxh6 Rxh2+ 75. Kxg5 Rf2 76. Re6+ Kxd5 77. Re3 Kd4 78. Ra3 Ke5 79. f4+ Ke6 80. f5+ 1-0

[Event "CUB-ch U18"]
[Site "Camaguey"]
[Date "2017.06.22"]
[Round "3.8"]
[White "Friera Naranjo, Sergio Daniel"]
[Black "Diaz Garcia, Mario Daniel"]
[Result "1-0"]
[WhiteElo "2217"]
[BlackElo "2204"]
[PlyCount "68"]
[EventDate "2017.06.21"]
[EventType "swiss"]
[EventRounds "9"]
[EventCountry "CUB"]
[SourceTitle "EXT 2023"]
[Source "ChessBase"]
[SourceDate "2022.10.05"]
[SourceVersion "1"]
[SourceVersionDate "2022.10.05"]
[SourceQuality "1"]

1. e4 c5 2. Nf3 d6 3. Bb5+ Nd7 4. d4 a6 5. Bxd7+ Bxd7 6. 0-0 cxd4 7. Qxd4 Nf6 8. Bg5 h6 9. Bxf6 gxf6 10. Nbd2 Rc8 11. c3 e6 12. Rfe1 Be7 13. a4 Qc7 14. Qd3 h5 15. Nd4 Qc5 16. Re3 h4 17. b4 Qg5 18. Nc4 Rg8 19. g3 Qg4 20. Rae1 e5 21. Ne2 Qe6 22. Nb6 Rb8 23. Nd5 Bd8 24. b5 axb5 25. axb5 Qh3 26. Kh1 Ra8 27. Ng1 Qe6 28. Rf3 hxg3 29. fxg3 Ra2 30. Rf5 Kf8 31. Ref1 Rh8 32. h4 Qe8 33. Nxf6 Bxb5 34. c4 Bc6 1-0

[Event "Camaguey 503 op"]
[Site "Camaguey"]
[Date "2017.02.02"]
[Round "3.5"]
[White "Perez Leiva, Jerzy Jesus"]
[Black "Diaz Garcia, Mario Daniel"]
[Result "0-1"]
[WhiteElo "2238"]
[BlackElo "2134"]
[PlyCount "116"]
[EventDate "2017.02.01"]
[EventType "swiss"]
[EventRounds "9"]
[EventCountry "CUB"]
[SourceTitle "EXT 2023"]
[Source "ChessBase"]
[SourceDate "2022.10.05"]
[SourceVersion "1"]
[SourceVersionDate "2022.10.05"]
[SourceQuality "1"]

1. d4 d5 2. Nc3 Nf6 3. Bg5 h6 4. Bxf6 exf6 5. e3 Be7 6. Bd3 0-0 7. Qf3 c6 8. Nge2 Na6 9. Bxa6 bxa6 10. 0-0 Rb8 11. Na4 f5 12. Nf4 Bd6 13. Nd3 Qh4 14. g3 Qe4 15. Qg2 g5 16. Rae1 Qxg2+ 17. Kxg2 a5 18. f4 g4 19. h3 Ba6 20. Rh1 Bxd3 21. cxd3 Kg7 22. hxg4 fxg4 23. f5 Bb4 24. Re2 Kh7 25. e4 dxe4 26. dxe4 Rfd8 27. Rd1 Be7 28. a3 Bg5 29. e5 Kg7 30. Nc5 Rb5 31. Na4 Rbd5 32. Re4 c5 33. e6 fxe6 34. fxe6 Rxd4 35. Rdxd4 Rxd4 36. Nxc5 Rxe4 37. Nxe4 Bc1 38. a4 Bxb2 39. Nd6 Kf6 40. Nc4 Bc3 41. Ne3 Kxe6 42. Nxg4 Bd2 43. Kf3 Kd5 44. Ke2 Bc1 45. Kd3 a6 46. Kc2 Bg5 47. Kd3 Kc5 48. Kc3 h5 49. Nf2 Bf6+ 50. Kb3 Kd4 51. Nh3 Be5 52. Ng1 Ke3 53. Kc4 Bxg3 54. Kc5 Bf4 55. Kb6 Bh6 56. Kxa5 Kf2 57. Nh3+ Kg2 58. Kxa6 Kxh3 0-1

[Event "Camaguey 503 op"]
[Site "Camaguey"]
[Date "2017.02.02"]
[Round "4.1"]
[White "Zamora Pena, Norbel"]
[Black "Diaz Garcia, Mario Daniel"]
[Result "0-1"]
[WhiteElo "1875"]
[BlackElo "2134"]
[PlyCount "42"]
[EventDate "2017.02.01"]
[EventType "swiss"]
[EventRounds "9"]
[EventCountry "CUB"]
[SourceTitle "EXT 2023"]
[Source "ChessBase"]
[SourceDate "2022.10.05"]
[SourceVersion "1"]
[SourceVersionDate "2022.10.05"]
[SourceQuality "1"]

1. e4 c5 2. Nc3 d6 3. f4 g6 4. Nf3 Bg7 5. Bc4 Nc6 6. 0-0 e6 7. Kh1 Nge7 8. d3 0-0 9. Qe1 Na5 10. Bb3 Nxb3 11. axb3 b6 12. Ng5 Nc6 13. e5 dxe5 14. Nce4 h6 15. Qh4 f5 16. Qg3 fxe4 17. Nxe4 Kh7 18. Qh3 exf4 19. Qf3 Bb7 20. Qg4 e5 21. Rf3 Bc8 0-1